Manual de empresas agropecuarias : tomo i /
Guardado en:
| Autor Principal: | |
|---|---|
| Otros Autores: | |
| Formato: | Libro |
| Publicado: |
Buenos Aires :
Rei,
1988
|
| Materias: | |
| Etiquetas: |
Agregar Etiqueta
Sin Etiquetas, Sea el primero en etiquetar este registro!
|
| LEADER | 01112nam a22002535a 4500 | ||
|---|---|---|---|
| 001 | CEM.cems018015 | ||
| 005 | 20130531104228.0 | ||
| 008 | 130507s1988##################000#0#####d | ||
| 003 | CEMS | ||
| 020 | |a 9509917923 | ||
| 082 | 0 | 4 | |a 658 |
| 100 | 1 | |a Senderovich, Isaac A. | |
| 245 | 1 | 0 | |a Manual de empresas agropecuarias : |b tomo i / |c Isaac A. Senderovich y Regina Berenstein |
| 260 | |a Buenos Aires : |b Rei, |c 1988 | ||
| 300 | |a 476 p. | ||
| 505 | 0 | |a Modelo básico de la actividad agropecuaria -- Ciclo de la actividad agrícola -- Ciclo de la actividad ganadera -- Inversiones en la explotación -- Mediciones de eficiencia operativa, económica y financiera -- Contratos y negocios en participación -- Contabilidad e impuestos -- Disponibilidad de inversiones -- Créditos -- Bienes de cambio -- Bienes de uso -- Bienes intangibles | |
| 653 | |a Empresa agropecuaria | ||
| 653 | |a Contabilidad | ||
| 653 | |a Impuestos | ||
| 653 | |a Presupuestos | ||
| 653 | |a Costos | ||
| 653 | |a Administración de empresas | ||
| 700 | 1 | |a Berenstein, Regina | |
| 859 | |a CEMS |b BIB. CEMS - Agricultura |h 658 |i Se559 |p A1880.13 |t Ej.1 |v I |3 I | ||
